000 00662nam a2200193 i 4500
001 70581
003 ES-MaACL
005 20250821063030.0
007 t|
008 040728s1964 sp ||||1| spa d
100 1 _aGarcía Yebra, Valentín,
_d1917-2010
_955453
245 1 3 _aLa figura de Eneas en Homero /
_cpor Valentín García Yebra.
260 _aMadrid :
_bDirección General de Enseñanza Media,
_c[1964]
300 _a103 p. ;
_c20 cm.
490 1 _aBiblioteca cátedra. Estudios y ensayos ;
_v427
830 0 _aBiblioteca cátedra. Estudios y ensayos ;
_v427
_9231040
852 _aES-MaACL
_jC-26879
_bR.55538
999 _c70581
_d70581